000 00859nam a2200265 a 4500
008
020 _a9780721606309 (paperback)
040 _aNUST
_cNUST
049 _aMAIN
090 _aQR46
_bNAT
100 1 _aNath, Swapan K.,
_aauthor.
245 1 0 _aProblem-based microbiology/
_c Swapan K Nath & Sanjay G Revankar.
260 _aPhiladelphia, PA :
_bSaunders/Elsevier,
_c2006.
300 _axxi, 524 pages :
_billustrations (chiefly colour) ;
_c26 cm.
336 _atext
_btxt
_2rdacontent
337 _aunmediated
_bn
_2rdamedia
338 _avolume
_bnc
_2rdacarrier
500 _aIncludes index.
650 1 _aMedical microbiology
_xCase studies.
700 _aRevankar, Sanjay G.,
_aauthor.
907 _a.b10405136
_b23-02-22
_c15-06-21
003
005 20230123141204.0
942 _cBOOKS
_kQR46
_mNAT
999 _c169188
_d169188